Prawda czy Fałsz [Geografia] #1 - Statystyki

Ogólne statystyki
  • Ten quiz został rozwiązany 25 390 razy
    25 386 od ostatniego zresetowania
  • Średni wynik to 17 z 25
Statystyki odpowiedzi
Zagadnienie Odpowiedź % Poprawnych
Sydney jest stolicą Australii Fałsz
86%
Krym leży nad Morzem Czarnym. Prawda
86%
Afryka ma mniejszą powierzchnię niż Rosja Fałsz
83%
Największa pustynia w Europie, znajduję się w Chorwacji Fałsz
83%
Finlandia należy do Unii Europejskiej Prawda
83%
Stolicą Serbii jest Sarajewo Fałsz
76%
Afryka leży na wszystkich półkulach Prawda
76%
W skład Unii Europejskiej wchodzi 29 państw Fałsz
72%
Norwegia i Korea Północna mają wspólnego sąsiada Prawda
72%
Biebrzański Park Narodowy ma największą powierzchnie ze wszystkich Parków Narodowych w Polsce Prawda
72%
Największe skupisko Polonii mieści się w Chicago Prawda
72%
Belgia graniczy tylko z dwoma państwami Fałsz
69%
Kanał Panamski jest umowną granicą Ameryki Północnej z Ameryką Południową. Prawda
69%
Istnieje miasto, które ma większą powierzchnię niż Polska Fałsz
62%
Z pośród dziesięciu najludniejszych państw na świecie, aż siedem znajduję się w Azji Prawda
62%
Polska ma większą powierzchnię niż Japonia Fałsz
59%
W skład Socjalistycznej Federacyjnej Republiki Jugosławii wchodziło 7 obecnie istniejących państw Prawda
59%
Polska ma najdłuższą granicę lądową z Niemcami Fałsz
55%
Najbardziej wysuniętą na północ miejscowością w Polsce jest Jastrzębia Góra Prawda
55%
Wybrzeże Kości Słoniowej jest dalej położone na północ niż Kenia Prawda
55%
Województwo polskie, które ma największą gęstość zaludnienia to województwo mazowieckie Fałsz
52%
Monako ma największą gęstość zaludnienia Prawda
52%
Bratysława jest stolicą, która graniczy z dwoma państwami Prawda
52%
Chiny mają cztery strefy czasowe. Fałsz
45%
W przybliżeniu, 90% całkowitej populacji znajduję się na półkuli północnej Prawda
45%
Nie znaleziono quizów pasujących do podanych kryteriów
Rozkład punktacji
Procent ludzi z każdym wynikiem
Percentyl według liczby udzielonych odpowiedzi
Twoja historia wyników
Nie rozwiązałeś tego quizu od ostatniego zresetowania